Insights into Religious Life. (Record n. 37720)
[ formato base ]
| 000 -LEADER | |
|---|---|
| fixed length control field | 01035nam a22001817a 4500 |
| 003 - CONTROL NUMBER IDENTIFIER | |
| control field | IT-RoPau |
| 005 - DATE AND TIME OF LATEST TRANSACTION | |
| control field | 20220918175937.0 |
| 008 - FIXED-LENGTH DATA ELEMENTS--GENERAL INFORMATION | |
| fixed length control field | 130108b xxu||||| |||| 00| 0 eng d |
| 040 ## - CATALOGING SOURCE | |
| Transcribing agency | IT-RoPau |
| 100 ## - MAIN ENTRY--PERSONAL NAME | |
| Personal name | Alberione [ James] Giacomo |
| Fuller form of name | Fondatore Famiglia Paolina |
| 9 (RLIN) | 121 |
| 245 ## - TITLE STATEMENT | |
| Title | Insights into Religious Life. |
| Remainder of title | By Rev. James Alberione, SSP, STD |
| 250 ## - EDITION STATEMENT | |
| Edition statement | I |
| 260 ## - PUBLICATION, DISTRIBUTION, ETC. (IMPRINT) | |
| Place of publication, distribution, etc. | Boston |
| Name of publisher, distributor, etc. | FSP |
| Date of publication, distribution, etc. | 1977 |
| 300 ## - PHYSICAL DESCRIPTION | |
| Extent | 152 p. |
| Dimensions | 18,5 cm |
| 490 ## - SERIES STATEMENT | |
| Series statement | St. Paul Edition |
| Volume/sequential designation | I |
| 520 ## - SUMMARY, ETC. | |
| Summary, etc. | CONTENTS<br/>A Lively, Costant and<br/> Predominant Desire<br/>Advancing in the Spiritual Life<br/>The Real Holocaust<br/>Jesus, Model of Obedience<br/>Good Communiting Living<br/>A Lifetime of Service<br/>A Lifetime of Fidelity<br/>Live in Joy<br/>Let Us Work for Heaven!<br/>The Holy Spirit Gives Us Spirit<br/>Contemplating Jesus and Mary in<br/> the Rosary<br/>The Joyful Mysteries and<br/> Religious Life<br/>The Sorrowful Mysteries and<br/> Religious Life<br/>The Glorious Mysteries and<br/> Religious Life<br/>Mary Mother of Beautiful<br/> Vocations |
| 942 ## - ADDED ENTRY ELEMENTS (KOHA) | |
| Source of classification or shelving scheme | Dewey Decimal Classification |
| Koha item type | LIBRO |
| Withdrawn status | Lost status | Source of classification or shelving scheme | Damaged status | Not for loan | Home library | Current library | Date acquired | Total Checkouts | Full call number | Date last seen | Price effective from | Koha item type |
|---|---|---|---|---|---|---|---|---|---|---|---|---|
| Dewey Decimal Classification | Buone Condizioni | Not For Loan | PAULUS-BIBLIOTECA | PAULUS-BIBLIOTECA | 08/01/2013 | P A8 | 08/01/2013 | 08/01/2013 | LIBRO |